000 00864nas a2200265 4500
001 BR8400835
003 BR-BrBNA
005 20231205085811.0
007 ta
008 230509b bl.|||p| |||| 00| 00por d
040 _aBR-BrBNA
_bpor
_cBiblioteca Nacional de Agricultura
041 _a(Pt)
072 _aL73
100 1 _aBarros, S.S. de
100 1 _aSantos, M.N. dos
100 1 _aBarros, C.S.L. de
245 1 _aSurto de febre catarral maligna em bovinos no Rio Grande do Sul [Brasil]
246 1 _aAn outbreak of malignant catarrhal fever in cattle in Rio Grande do Sul [Brazil]
650 _aBOVINO
650 _aFEBRE CATARRAL
650 _aRIO GRANDE DO SUL
773 0 _tPesquisa Veterinaria Brasileira (Brazil)
_xISSN 0100-736X
_g(Jul 1983), v. 3(3) p. 81-86
_wBR8400835
909 _a202311
_bLúcia
_c55
_dLúcia Elande
942 _2AGRIS
_n0
_cANA
999 _c113898
_d113898